A mayo (Record no. 20835)
[ view plain ]
| 000 -CABECERA | |
|---|---|
| campo de control de longitud fija | 00817caa a22001692a 4500 |
| 001 - NÚMERO DE CONTROL | |
| campo de control | 015076 |
| 003 - IDENTIFICADOR DEL NÚMERO DE CONTROL | |
| campo de control | AR-FADEU |
| 008 - DATOS DE LONGITUD FIJA--INFORMACIÓN GENERAL | |
| campo de control de longitud fija | 311216n########xxu####################dd |
| 092 ## - ASIGNACIÓN LOCAL DE SIGNATURA TOPOGRÁFICA DEWEY (OCLC) | |
| Número de clasificación | A860.2 |
| Número de documento/Ítem | W423 |
| 100 ## - ENTRADA PRINCIPAL--NOMBRE DE PERSONA | |
| Nombre de persona | Gutiérrez, Juan María |
| 245 ## - MENCIÓN DE TÍTULO | |
| Título | A mayo |
| 300 ## - DESCRIPCIÓN FÍSICA | |
| Extensión | PP. 87-97 |
| 500 ## - NOTA GENERAL | |
| Nota general | En: La época de Rosas : M. Sastre, J. B. Alberdi, E. Echeverría : antología / comp. Félix Weinberg. Buenos Aires : Centro Editor de América Latina, 1979 |
| 773 0# - ENLACE AL DOCUMENTO FUENTE/ENTRADA DE REGISTRO ANFITRIÓN | |
| Número bibliográfico anfitrión | 6630 |
| Número de ítem anfitrión | 4293 |
| Encabezamiento principal | Weinberg, Félix, comp. |
| Edición | |
| Lugar, editor y fecha de publicación | Buenos Aires |
| Otro identificador del documento | 19 |
| Título | La época de Rosas : M. Sastre, J. B. Alberdi, E. Echeverría : antología |
| Número de control del registro | ( AR-FADEU) 000790 |
| Número Internacional Normalizado para Publicaciones Seriadas | |
| Número Internacional Estándar del Libro | |
| 773 0# - ENLACE AL DOCUMENTO FUENTE/ENTRADA DE REGISTRO ANFITRIÓN | |
| Número bibliográfico anfitrión | 6630 |
| Número de ítem anfitrión | 4294 |
| Encabezamiento principal | Weinberg, Félix, comp. |
| Edición | |
| Lugar, editor y fecha de publicación | Buenos Aires |
| Otro identificador del documento | 8610 |
| Título | La época de Rosas : M. Sastre, J. B. Alberdi, E. Echeverría : antología |
| Número de control del registro | ( AR-FADEU) 000790 |
| Número Internacional Normalizado para Publicaciones Seriadas | |
| Número Internacional Estándar del Libro | |
| 942 ## - ELEMENTOS DE PUNTO DE ACCESO ADICIONAL (KOHA) | |
| Tipo de ítem Koha | BDGR |
No items available.